Az alázat gyalázat (Sütő András - Káin és Ábel, Kassai Thália Színház, 2000. dec. 17.)

Bibliographic Details
Main Author: Juhász Dósa, János, 1969- (Author)
Format: Article
Language:Hungarian
PhysicalDescription:Fotogr.
Subjects:

MARC

LEADER 00000nab a2200000 a 4500
001 vtls000749204
003 SK-MaSNL
005 20260318133315.0
008 160405c2001 xo 0 hun
015 |a SNBRB2001/02-06456 
035 |a CLN000101016 
040 |a SNKBUCL  |b slo  |c SNKBUCL  |e AACR2 
041 0 |a hun 
044 |a xo  |c SK 
080 |a 792.2  |2 1997 
100 0 |a Juhász Dósa, János,  |d 1969-  |4 aut  |9 667976 
245 1 3 |a Az alázat gyalázat  |b (Sütő András - Káin és Ábel, Kassai Thália Színház, 2000. dec. 17.)  |c Juhász Dósa 
300 |b Fotogr. 
600 1 7 |a Sütő, András,  |d 1927-2006  |t Kain a Ábel  |2 snkbucl  |9 99342 
610 2 7 |a Divadlo Thália (Košice, Slovensko)  |2 snkbucl  |9 31809 
651 7 |a Košice (Slovensko)  |2 snkbucl  |9 18694 
655 7 |a články z novín a časopisov  |2 snkbucl  |9 267496 
773 0 |t Szabad újság  |g Roč. 9, č. 4 (2001), s. 8 
850 |a Slovenská národná knižnica v Martine 
852 |a SNK  |b KIS3GCP 
958 |a SK 
958 |a RC 
958 |a HU 
958 |a RBX 
999 |c 2206313  |d 2208243